| 000 | 00722nam a2200217Ia 4500 | ||
|---|---|---|---|
| 001 | 4386 | ||
| 003 | GE_BSU | ||
| 008 | 181216s||||||||xx |||||||||||||| ||und|| | ||
| 040 | _cGE_BSU | ||
| 080 | _a543.5(075.32) | ||
| 100 | _aБаровский, В.Ф. Городенцева , Т.Б. Топорова, Н.Б. | ||
| 245 | _aОсновы физико-химических методов анализа. | ||
| 245 | _bСправочник | ||
| 245 | _cПод. ред. В.Ф. Баровского. | ||
| 260 | _aМосква | ||
| 260 | _bВысш. школа | ||
| 260 | _c1983 | ||
| 300 | _a247 с. 22 см. | ||
| 653 | _aОсновы физико-химических методов анализа. | ||
| 942 | _cBK | ||
| 999 |
_c38376 _d38376 |
||